000 00586nam a2200229Ia 4500
003 OSt
005 20220924144500.0
006 a|||||r|||| 00| 0
007 ta
008 220923b |||||||| |||| 00| 0 urd d
024 _a314786
037 _cTextual
040 _aARTS
_cARTS
_burd
041 _2urd
_aurd
082 _aO168,1N34x, P5
100 _aMukhtar Ahmad Kausar
_9217694
245 0 _aTinka tinka aashiyaan
260 _c2005
650 _aURDU POETRY
942 _hO168,1N34x, P5
_cTEXL
_2CC
999 _c457187
_d457187